000 01285nam a2200349 i 4500
003 DO-SdBNP
005 20260302104244.0
006 a||||gr|||| 00| 0
007 ta
008 231109e2005 sp ||||| |||| 00| f eng d
020 _a84666309632
040 _aDO-SdBNP
_bspa
_cBNPHU
_erda
082 4 _222
_aRD863.44
_bA473en 2005
100 1 _aÁlvarez, Julia,
_d1950-
_eautora
_95624
240 _aIn the time of the butterflies.
245 1 0 _aEn el tiempo de las mariposas. /
_cJulia Alvarez ; traducción, Rolando Costa Picazo
246 1 4 _aIn the time of the butterflies.
250 _a3a edición.
264 _aSanto Domingo :
_bSantillana Ediciones Generales,
_c2005
300 _a524 páginas ;
_c17 cm.
336 _2rdacontent
_atexto
_btxt
337 _2rdamedia
_asin mediación
_bn
338 _2rdacarrier
_avolumen
_bnc
490 _aPunto de Lectura ;
_v407
500 _aPortada: Un hermoso alegato político e histórico narrado con enormes dosis de humanidad.
534 _aIn the time of the butterflies.
_cSantillana Ediciones Generales, S. L., 1994
590 _aInventariado 2023 / MF
650 4 _aNovela histórica dominicana.
_9860
650 0 _aLiteratura dominicana.
_967
700 1 _aCosta Picazo, Rolando,
_927380
_etraductor
942 _2ddc
_cLBS1
999 _c55438
_d55438